Evaluation of the Implementation of the Sex Offender Treatment Intervention and Progress Scale (SOTIPS)

Saved in:  
Bibliographic Details
Authors: Miner, Michael H. (Author) ; Strobel-Ayres, Cathy (Author) ; Newstrom, Nicholas (Author) ; Robinson, Beatrice E. (Author)
Format: Electronic Article
Language:English
Published: 2018
In:Enthalten in: Summary Overview
Online Access: Volltext (lizenzpflichtig)
Volltext (lizenzpflichtig)
Check availability: HBZ Gateway

MARC

LEADER 00000caa a22000002c 4500
001 1912543222
003 DE-627
005 20250114054955.0
007 cr uuu---uuuuu
008 241217s2018 xx |||||o 00| ||eng c
035 |a (DE-627)1912543222 
035 |a (DE-599)KXP1912543222 
040 |a DE-627  |b ger  |c DE-627  |e rda 
041 |a eng 
084 |a 2,1  |2 ssgn 
100 1 |a Miner, Michael H.  |e VerfasserIn  |4 aut 
245 1 0 |a Evaluation of the Implementation of the Sex Offender Treatment Intervention and Progress Scale (SOTIPS) 
264 1 |c 2018 
336 |a Text  |b txt  |2 rdacontent 
337 |a Computermedien  |b c  |2 rdamedia 
338 |a Online-Ressource  |b cr  |2 rdacarrier 
700 1 |a Strobel-Ayres, Cathy  |e VerfasserIn  |4 aut 
700 1 |a Newstrom, Nicholas  |e VerfasserIn  |4 aut 
700 1 |a Robinson, Beatrice E.  |e VerfasserIn  |4 aut 
773 0 8 |i Enthalten in  |t Summary Overview 
787 0 8 |i Forschungsdaten  |a Miner, Michael H.  |t Evaluation of the Implementation of the Sex Offender Treatment Intervention and Progress Scale (SOTIPS), United States, 1978-2017  |d [Erscheinungsort nicht ermittelbar] : [Verlag nicht ermittelbar], 2020  |w (DE-627)1840038799 
856 4 0 |u https://www.ojp.gov/ncjrs/virtual-library/abstracts/evaluation-implementation-sex-offender-treatment-intervention-and  |x Verlag  |z lizenzpflichtig  |3 Volltext  |7 1 
856 4 0 |u https://www.ojp.gov/pdffiles1/nij/grants/251747.pdf  |q application/pdf  |x Verlag  |z lizenzpflichtig  |3 Volltext  |7 1 
935 |a mkri 
951 |a AR 
ELC |a 1 
LOK |0 000 xxxxxcx a22 zn 4500 
LOK |0 001 463750872X 
LOK |0 003 DE-627 
LOK |0 004 1912543222 
LOK |0 005 20241217044430 
LOK |0 008 241217||||||||||||||||ger||||||| 
LOK |0 035   |a (DE-2619)ICPSR163711 
LOK |0 040   |a DE-2619  |c DE-627  |d DE-2619 
LOK |0 092   |o n 
LOK |0 852   |a DE-2619 
LOK |0 852 1  |9 00 
LOK |0 935   |a uvkn  |a nacp 
LOK |0 939   |a 17-12-24  |b l01 
ORI |a SA-MARC-krimdoka001.raw